鉄道の電化率が100%の都道府県 - Statistics

General Stats
  • This quiz has been taken 127 times
  • The average score is 5 of 5
Answer Stats
Hint Answer % Correct
都道府県 東京都
99%
都道府県 大阪府
98%
都道府県 神奈川県
96%
都道府県 沖縄県
86%
都道府県 奈良県
83%
No matching quizzes found
Score Distribution
Percent of People with Each Score
Percentile by Number Answered
Your Score History
You have not taken this quiz